Bồi thường oan, sai trong tố tụng hình sự
Khóa luận cử nhân Luật. Niên khóa 1999 - 2004; TM tài liệu tham khảo 5tr. sau kết luận; Gồm những vấn đề lý luận về bồi thường oan, sai trong tố tụng hình sự. Quy định của pháp luật Việt Nam hiện hành về bồi thường oan, sai. Thực trạn bo...
Na minha lista:
| Autor principal: | |
|---|---|
| Formato: | Livro |
| Idioma: | Undetermined |
| Publicado em: |
Tp. Hồ Chí Minh
2004
|
| Assuntos: | |
| Acesso em linha: | http://lrc.tdmu.edu.vn/opac/search/detail.asp?aID=2&ID=17870 |
| Tags: |
Adicionar Tag
Sem tags, seja o primeiro a adicionar uma tag!
|
| Thư viện lưu trữ: | Trung tâm Học liệu Trường Đại học Thủ Dầu Một |
|---|
| LEADER | 01164nam a2200193Ia 4500 | ||
|---|---|---|---|
| 001 | TDMU_17870 | ||
| 008 | 210410s9999 xx 000 0 und d | ||
| 082 | |a 345.597 | ||
| 090 | |b NG527 | ||
| 100 | |a Nguyễn, Văn An | ||
| 245 | 0 | |a Bồi thường oan, sai trong tố tụng hình sự | |
| 245 | 0 | |c Nguyễn Văn An; TS. Nguyễn Duy Hưng (Hướng dẫn) | |
| 260 | |a Tp. Hồ Chí Minh | ||
| 260 | |c 2004 | ||
| 300 | |a 87tr | ||
| 520 | |a Khóa luận cử nhân Luật. Niên khóa 1999 - 2004; TM tài liệu tham khảo 5tr. sau kết luận; Gồm những vấn đề lý luận về bồi thường oan, sai trong tố tụng hình sự. Quy định của pháp luật Việt Nam hiện hành về bồi thường oan, sai. Thực trạn bồi thường thiệt hại, nguyên nhân và một số giải pháp khắc phục. | ||
| 650 | |a Khóa luận; Tố tụng hình sự |x Bồi thường | ||
| 856 | |u http://lrc.tdmu.edu.vn/opac/search/detail.asp?aID=2&ID=17870 | ||
| 980 | |a Trung tâm Học liệu Trường Đại học Thủ Dầu Một | ||